Statistics for General Sports Quiz

Click here to take the quiz!

General Stats

  • This quiz has been taken 310 times
  • The average score is 13 of 36

Answer Stats

HintAnswer% Correct
Which Football/Soccer player had the infamous "Hand Of God"Diego Maradona
81%
Where is the 2022 Football/Soccer World Cup going to be held?Qatar
81%
What does NFL stand for?National Football League
72%
Which golfer has won the most money in the PGA Tour?Tiger Woods
72%
Which country has won the most World Cups in Football/Soccer?Brazil
70%
Who won the 2014 Football/Soccer World Cup?Germany
68%
Who are the current World Cup Champions in cricket?India
68%
Who has the world record for the 100M Sprint?Usain Bolt
66%
What is the head federation of Football/Soccer?FIFA
64%
Which cyclist cheated to win 7 Tour De Frances?Lance Armstrong
60%
Which NBA player turned on Miami Heat to go to the Cleveland Cavaliers?Lebron James
53%
Who has won the most grand slams in tennis?Roger Federer
50%
What number did Babe Ruth wear on his Baseball Jersey?3
46%
Who has won the most World Championships in Darts?Phil Taylor
42%
In the 1920 Summer Olympics, what team won the gold medal in the first ever Ice Hockey Tournament?Canada
41%
Who has the most runs in test cricket?Sachin Tendulkar
38%
What Snooker play had the fastest 147 break of 5:20?Ronnie O'sullivan
36%
How many games are there in the WWE video games series?16
31%
What cricketer has the highest test match average?Donald Bradman
29%
Who was the 2014 World Champion of Darts?Michael Van Gerwen
28%
What year was the first Modern Olympic games held?1896
26%
Which player has the most test points in Rugby Union?Dan Carter
26%
What wrestler killed his family and himself in 2007?Chris Benoit
25%
Which WWE superstar won an Olympic Gold Medal?Kurt Angle
23%
Who is the New Zealand basketball player who plays for the Oklahoma City Thunder?Steven Adams
20%
Who cheated at the 1988 Olympics after setting a world sprint record?Ben Johnson
16%
Who was the first WWE World Heavyweight Champion?Randy Orton
10%
Who has won the most Intercontinental Titles in WWE?Chris Jericho
8%
Who is the most famous female shotputter from New Zealand?Valerie Adams
7%
Who has won the most money on the European Tour in golf?Ernie Els
5%
In 1991, who did the world record Long Jump of 8.95 Meters?Mike Powell
5%
Who holds the record for most hole in ones?Norman Manley
1%
What horse jumped 2.47m high to set a currently unbroken record of 67 years?Huaso
0%
Who holds the record for Shotput (women)?Natalya Lisovskaya
0%
Who holds the record for Shotput (men)?Randy Barnes
0%
What famous skateboarder pulled off 46 consecutive ollies off a half pipe, breaking the world record?Rob Dydrek
0%

Score Distribution

Percentile by Number Answered

Percent of People with Each Score

Your Score History

You have not taken this quiz